The European economy : growth and crisis

Αποθηκεύτηκε σε:
Λεπτομέρειες βιβλιογραφικής εγγραφής
Άλλοι συγγραφείς: Boltho, Andrea
Μορφή: Βιβλίο
Γλώσσα:English
Δημοσίευση: New York : Oxford University Press, 1982
Θέματα:
Ετικέτες: Προσθήκη ετικέτας
Δεν υπάρχουν, Καταχωρήστε ετικέτα πρώτοι!

MARC

LEADER 00000cam a2200000 i 4500
001 1/50741
008 950812s1982 eng d
020 |a 0198771185 ((pbk.))  |c $39.50 
020 |a 0198771193  |c $17.95 
035 |l 10027055 
040 |a GR-MY-UA  |b gre  |e aacr 
041 0 |a eng 
082 0 |a 330.94055  |2 (19) 
245 1 4 |a The European economy :  |b growth and crisis /  |c edited by Andrea Boltho 
260 |a New York :   |b Oxford University Press,   |c 1982 
300 |a xvii, 668 p.;  |b graphs;  |c 24 cm 
504 |a Includes bibliographies and indexes 
651 0 |a Europe  |x Economic conditions  |y 1945- 
651 0 |a Europe  |x Economic policy. 
700 1 |a Boltho, Andrea. 
852 |a INST  |b CHIOS  |e 19950812  |h 330.94055 EUR  |p 005200005773  |q 005200005773  |t BK  |y 0 
909 |a Χ  |b 000118